Uplatnenie controllingu nákladov v riadení priemyselného podniku : Bakalárska práca

Saved in:
Bibliographic Details
Main Author: Úškrtová, Stanislava (Author)
Other Authors: Bestvinová, Viera, 1958- (xxx)
Format: Manuscript Book
Language:Slovak
Published: Trnava : STU v Bratislave MtF KPIM, 2005
Subjects:
Tags: Add Tag
No Tags, Be the first to tag this record!

MARC

LEADER 00000ntm a22000003a 4500
001 stu96226
005 20160719155310.1
008 051017s2005----xo------------------slo-d
040 |a STU  |b slo 
041 0 |a slo 
044 |a xo 
100 1 |a Úškrtová, Stanislava  |4 aut 
245 1 |a Uplatnenie controllingu nákladov v riadení priemyselného podniku :  |b Bakalárska práca 
260 |a Trnava :  |b STU v Bratislave MtF KPIM,  |c 2005 
300 |a 54 s  |c príl (1 CD) 
650 7 |a priemyselné inžinierstvo a manažment  |2 stusub 
650 7 |a controlling podnikový  |2 stusub 
700 1 |a Bestvinová, Viera,  |d 1958-  |4 xxx  |u M4000  |U MTF Materiálovotechnologická fakulta  |T MTF Ústav priemyselného inžinierstva a manažmentu  |X 1541  |U M4000  |Y 84  |7 A000001541 
996 |b 284M055156  |c M*BP-1483  |l MMSKP  |s P  |a 0  |w stu96226_0001